Laddar...

Trade Marks and Brands An Interdisciplinary Critique

Bibliografiska uppgifter
Huvudupphovsman: Lionel Bently
Övriga upphovsmän: Jennifer Davis, Jane C Ginsburg
Materialtyp: Printed Book
Publicerad: New Delhi Cambridge University Press 2010
Upplaga:1st
Ämnen:
LEADER 00598nam a22001937a 4500
003 OSt
020 |a 9780521259309 
082 |a 346.0488  |b BEN/TR 
100 |a Lionel Bently 
245 |a Trade Marks and Brands  |b An Interdisciplinary Critique 
250 |a 1st 
260 |a New Delhi  |b Cambridge University Press  |c 2010 
300 |a 434 
650 |a Linguistics 
700 |a Jennifer Davis 
700 |a Jane C Ginsburg 
942 |2 ddc  |c BK 
999 |c 188682  |d 188682 
952 |0 0  |1 0  |2 ddc  |4 0  |6 346_048800000000000_BEN_TR  |7 0  |9 194827  |a KAUCBV  |b KAUCBV  |d 2015-03-04  |g 0.00  |o 346.0488 BEN/TR  |r 2015-03-04  |w 2015-03-04  |y BK